Statistics for Countries of the World by Second Letter - O

Click here to take the quiz!

General Stats

  • This quiz has been taken 2,848 times
    (1,411 since last reset)
  • The average score is 24 of 30

Answer Stats

Answer% Correct
Bolivia
92%
Norway
92%
Poland
90%
Portugal
90%
Colombia
89%
Monaco
85%
Romania
85%
South Korea
85%
Tonga
85%
Togo
84%
Dominica
82%
South Africa
82%
Honduras
81%
Montenegro
81%
Dominican Republic
80%
Kosovo
80%
Moldova
80%
North Korea
80%
Bosnia and Herzegovina
79%
Morocco
79%
Costa Rica
77%
South Sudan
77%
Botswana
76%
Solomon Islands
76%
Somalia
74%
Comoros
73%
Mozambique
70%
Jordan
68%
Mongolia
68%
North Macedonia
67%

Score Distribution

Percentile by Number Answered

Percent of People with Each Score

Your Score History

You have not taken this quiz since the last reset